Elhunyt Dudás Lajos, a kitüntetett pedagógus
Elmentve itt :
| Dokumentumtípus: | Cikk |
|---|---|
| Megjelent: |
2004-02-05
|
| Sorozat: | Délmagyarország
94 No. 30 |
| Kulcsszavak: | Dudás Lajos 1927-2004, Csongrád (város), Nekrológ Csongrád (város), Tanár Csongrád (város) |
| Online Access: | http://dmarchiv.bibl.u-szeged.hu/132896 |
| LEADER | 00503nab a2200145 i 4500 | ||
|---|---|---|---|
| 001 | delm132896 | ||
| 005 | 20191204142827.0 | ||
| 008 | 191204s2004 hu o 0|| hun d | ||
| 040 | |a SZTE Délmagyarország Archívum |b hun | ||
| 041 | |a hun | ||
| 245 | 0 | 0 | |a Elhunyt Dudás Lajos, a kitüntetett pedagógus |h [elektronikus dokumentum] |
| 260 | |c 2004-02-05 | ||
| 300 | |a 10 | ||
| 490 | 0 | |a Délmagyarország |v 94 No. 30 | |
| 695 | |a Dudás Lajos 1927-2004, Csongrád (város), Nekrológ Csongrád (város), Tanár Csongrád (város) | ||